| 000 | 00000nam##2200000za#4500 |
| 001 | 9.636015 |
| 003 | CaOODSP |
| 005 | 20210624220533 |
| 007 | cr ||||||||||| |
| 008 | 150407|2008||||xxc|||||o f|0| 0 fre|d |
| 020 | |a978-1-100-90611-9 |
| 040 | |aCaOODSP|bfre |
| 043 | |an-cn--- |
| 086 | 1 |aF34-3/3-2009F-PDF |
| 110 | 1 |aCanada. |bMinistère des finances. |
| 245 | 10|aRestrictions à la déductibilité de l'intérêt et investissement direct de l'étranger / |h[ressource électronique]|c[par] Tim Edgar. |
| 260 | |aOttawa - Ontario : |bFinances Canada |cOctobre 2008. |
| 300 | |a94p.|btableaux |
| 500 | |a«Rapport de recherche préparé pour le Groupe consultatif sur le régime canadien de fiscalité internationale». |
| 590 | |a10-10-Supp|b2010-11-09 |
| 720 | 1 |aEdgar, Tim |
| 775 | 08|tInterest deductibility restrictions and inbound direct investment / |w(CaOODSP)9.691704 |
| 856 | 40|ahttp://publications.gc.ca|qPDF|s725 Ko|uhttps://publications.gc.ca/collections/collection_2010/fin/F34-3-3-2009-fra.pdf |